Research Methodology (Record no. 8223)

000 -LEADER
fixed length control field 00266nam a22001217a 4500
003 - CONTROL NUMBER IDENTIFIER
control field OSt
005 - DATE AND TIME OF LATEST TRANSACTION
control field 20201006143948.0
008 - FIXED-LENGTH DATA ELEMENTS--GENERAL INFORMATION
fixed length control field 201006b ||||| |||| 00| 0 eng d
020 ## - INTERNATIONAL STANDARD BOOK NUMBER
International Standard Book Number 9788184872460
082 ## - DEWEY DECIMAL CLASSIFICATION NUMBER
Classification number 150.72
Item number CHA
245 ## - TITLE STATEMENT
Title Research Methodology
942 ## - ADDED ENTRY ELEMENTS (KOHA)
Source of classification or shelving scheme
Holdings
Withdrawn status Lost status Source of classification or shelving scheme Damaged status Koha normalized classification for sorting Not for loan Permanent location Current location Date acquired Cost, normal purchase price Full call number Barcode Date last seen Price effective from Koha item type Public note Total Checkouts Date last borrowed
        001_420000000000000   BMS College of Architecture, Design and Planning BMS College of Architecture, Design and Planning 2020-03-03 295.00 001.42 CL-PG61301 2020-03-03 2020-03-03 PG Books from CL S-01    
        001_420000000000000   BMS College of Architecture, Design and Planning BMS College of Architecture, Design and Planning 2020-03-03 295.00 001.42 CL-PG61302 2020-03-03 2020-03-03 PG Books from CL S-01    
        001_420000000000000   BMS College of Architecture, Design and Planning BMS College of Architecture, Design and Planning 2020-10-06   001.42 CL-PG61305 2020-10-06 2020-10-06 PG Books from CL S-01    
        001_420000000000000   BMS College of Architecture, Design and Planning BMS College of Architecture, Design and Planning 2020-10-06   001.42 CL-PG61307 2023-07-24 2020-10-06 PG Books from CL S-01 2 2023-06-12
        001_420000000000000   BMS College of Architecture, Design and Planning BMS College of Architecture, Design and Planning 2020-10-06   001.42 CL-PG61306 2020-10-06 2020-10-06 PG Books from CL S-01    
        001_420000000000000   BMS College of Architecture, Design and Planning BMS College of Architecture, Design and Planning 2020-10-06   001.42 CL-PG61304 2020-10-06 2020-10-06 PG Books from CL S-01    
        001_420000000000000   BMS College of Architecture, Design and Planning BMS College of Architecture, Design and Planning 2020-10-06   001.42 CL-PG61309 2020-10-06 2020-10-06 PG Books from CL S-01    
        001_420000000000000   BMS College of Architecture, Design and Planning BMS College of Architecture, Design and Planning 2020-10-06   001.42 CL-PG61308 2022-05-05 2020-10-06 PG Books from CL S-01 1 2022-05-05
        001_420000000000000   BMS College of Architecture, Design and Planning BMS College of Architecture, Design and Planning 2020-10-06   001.42 CL-PG61310 2020-10-06 2020-10-06 PG Books from CL S-01    
        001_420000000000000   BMS College of Architecture, Design and Planning BMS College of Architecture, Design and Planning 2020-10-06   001.42 CL-PG61303 2021-09-18 2020-10-06 PG Books from CL S-01 1 2021-09-03
Copyright © 2025, The Librarian, Library and Information Centre, BMSCA D&P, Bengaluru. All Rights Reserved
web counter

Powered by Koha